00426nam a2200145Ia 4500008004100000040000800041082001400049100002100063245003200084260000900116264002200125942001300147952010300160999001700263231129s1990||||xx |||||||||||||| ||spa|| bspa a927 V217b aBonafoux Pascal 0aVan Gogh cegado por el sol c1990 aAguilar Universal 2ddccBKS 00102ddc4070aBRCbBRCd2011-02-23l0o927 V217bp30020r2023-11-29 21:31:36t1w2023-11-29yBK c26130d26130